| 000 | 00827nam a22002778a 4500 | ||
|---|---|---|---|
| 008 | |||
| 020 | _a1898683220(hbk.) | ||
| 049 | _aMAIN | ||
| 090 |
_aRJ506 _bGIL |
||
| 100 | 1 | _aGillberg, Christopher. | |
| 245 | 1 | 4 |
_aThe biology of autistic syndromes / _cChristopher Gillberg and Mary Coleman. |
| 250 | _a3rd ed. | ||
| 260 |
_aLondon : _bMac Keith, _c2000. |
||
| 300 |
_a330 p. : _bill. ; _c24 cm. |
||
| 500 | _aPrevious ed.: 1992. | ||
| 504 | _aIncludes bibliographic references and index. | ||
| 650 | 0 |
_aAutism _xEtiology. |
|
| 650 | 0 | _aAutism in children. | |
| 700 | 1 | _aColeman, Mary. | |
| 830 | 0 | _aClinics in developmental medicine. | |
| 907 |
_a.b10199482 _b29-01-14 _c24-04-06 |
||
| 003 | |||
| 005 | 20230120203928.0 | ||
| 040 | _cNUST | ||
| 942 |
_cBOOKS _kRJ506 _mGIL |
||
| 999 |
_c114048 _d114048 |
||